000 00488nam a2200169 i 4500
001 83961
003 ES-MaACL
005 20230906174924.0
007 t|
008 041118s1971 sp ||||1| spa d
100 1 _aJahn, Janheinz.
_965926
245 1 4 _aLas literaturas neoafricanas /
_cJanheinz Jahn ; [lo tradujo Daniel Romero].
260 _aMadrid :
_bGuadarrama,
_c[1971]
300 _a362 p. ;
_c18 cm.
700 1 _aRomero, Daniel.
_999314
852 _aES-MaACL
_jC-40368
_bR.77836
999 _c83961
_d83961